000 00258nam a22001217a 4500
008 180925b xxu||||| |||| 00| 0 eng d
041 _aeng
080 _a616.073
100 _a6
101 _aGEN
245 _aGeneral Genetics
_cUwen.R.D
942 _2udc
_cBK
999 _c48450
_d48450